000 01255nam a2200325 i 4500
001 bg
003 KOSZ 005
005 20231219062729.0
008 070926s1966 pl a g 000 0 pol
015 _aPB 1966/4146
040 _aWA N
_cKOSZ 005/RW
_dKOSZ 005/RW
041 1 _apol
_hfre
080 _a14+92
100 1 _aSkarga, Barbara
_d(1919-2009)
_eAutor
245 1 0 _aComte /
_cBarbara Skarga ; [teksty w Wyborze przeł. Wiera Bieńkowska].
260 _aWarszawa :
_bWiedza Powszechna,
_c1966.
300 _a227, [1] s. :
_bil. ;
_c18 cm.
380 _aKsiążki.
490 1 _aMyśli i Ludzie. 2, Filozofia Nowożytna i Współczesna.
501 _aWspółwyd.: Wybór pism / [Auguste Comte].
600 1 4 _aComte, Auguste
_d(1798-1857)
650 4 _aFilozofia
_y19 w.
648 4 _a1801-1900
700 1 _aComte, Auguste
_d(1798-1857).
_tWybór pism.
710 2 _aPaństwowe Wydawnictwo Wiedza Powszechna
_4pbl.
700 1 _aBieńkowska, Wiera
_d(1912-1995)
_eTłumaczenie
856 _uhttp://koha.tu.koszalin.pl/cgi-bin/koha/opac-detail.pl?biblionumber=11307
_yKatalog online BPK
830 0 _aMyśli i Ludzie.
_n2,
_pFilozofia Nowożytna i Współczesna
942 _2UKD
_cKS
999 _c11307
_d11307